Chemical control of mesquite /

Bibliographic Details
Main Author: Walker, A. H. (Author)
Format: Government Document Book
Language:English
Published: College Station, Texas : Texas Agricultural Extension Service, [between 1953 and 1957]
Edition:Revised.
Series:Leaflet (Texas Agricultural Extension Service) ; 127 [revised].
Subjects:
Online Access:Available online via OAK Trust Repository

MARC

Tag First Indicator Second Indicator Subfields
LEADER 00000cam a2200000Ii 4500
001 in00003913421
005 20180430074412.0
008 171206q19531957txua s000 0 eng d
035 |a (OCoLC)on1014023773 
035 |a (OCoLC)1014023773 
040 |a TXA  |b eng  |e rda  |c TXA  |d UtOrBLW 
043 |a n-us-tx 
049 |a TXAM 
086 |a Z TA245.7 L47 no. L-127 [revised]  |2 txdocs 
090 |a S544.3.T4  |b T273 no. L-127 [revised] 
100 1 |a Walker, A. H.,  |e author.  |0 http://id.loc.gov/authorities/names/no2008081469 
245 1 0 |a Chemical control of mesquite /  |c by A.H. Walker and G.O. Hoffman, Extension Range Specialists. 
250 |a Revised. 
264 1 |a College Station, Texas :  |b Texas Agricultural Extension Service,  |c [between 1953 and 1957] 
300 |a 8 unnumbered pages :  |b illustrations. 
336 |a text  |b txt  |2 rdacontent 
337 |a unmediated  |b n  |2 rdamedia 
338 |a volume  |b nc  |2 rdacarrier 
490 1 |a L / [Texas Agricultural Extension Service] ;  |v 127 
500 |a Title from cover. 
500 |a The United States Department of Agriculture cooperating. 
650 0 |a Mesquite  |x Control  |z Texas. 
650 3 |a kerosene. 
650 3 |a chemical control. 
650 3 |a control methods. 
650 3 |a trees. 
650 3 |a shrubs. 
653 |a mesquite 
710 1 |a United States.  |b Department of Agriculture,  |e issuing body.  |0 http://id.loc.gov/authorities/names/n79008243 
710 2 |a Texas Agricultural Extension Service,  |e issuing body.  |0 http://id.loc.gov/authorities/names/n80010192 
830 0 |a Leaflet (Texas Agricultural Extension Service) ;  |v 127 [revised]. 
856 4 1 |z Available online via OAK Trust Repository  |u http://oaktrust.library.tamu.edu/handle/1969.1/160922  |t 0 
994 |a C0  |b TXA 
999 f f |s a9942128-4c0e-3d8b-a7af-9a620785d779  |i 4b5870fd-9c0e-3b7d-81bd-f73b9d5425a6  |t 0 
952 f f |a Texas A&M University  |b College Station  |c Electronic Resources  |d Available Online  |t 0  |e Z TA245.7 L47 no. L-127 [revised]  |g Electronic  |h Superintendent of Documents classification 
998 f f |a Z TA245.7 L47 no. L-127 [revised]  |t 0  |l Available Online